000 00391nam a2200145Ia 4500
005 20250729165800.0
008 250729s2017 xx 000 0 und d
041 _aeng
082 _a372.25 KONE
100 _aDr.N.B.Kongawada
_9232861
245 _aEducational Administration and Managemnt
260 _aGadag
_bVidyanidhi Prakashana
_c2017
300 _a217p
650 _aEducation
_9232862
999 _c239993
_d239993